000 00287nam a22001337a 4500
008 170615b xxu||||| |||| 00| 0 eng d
020 _a9780415203166
041 _aeng
080 _a32
100 _a19
101 _aSHP
245 _aCHALLENGING DEMOCRACY
_cARNOT,M
942 _2udc
_cBK
999 _c17623
_d17623